00939nam a2200217Ia 4500952014000000952014000140952014000280999001300420003000400433005001700437008004100454040000900495082001800504100002800522245005300550250001200603260004500615300000800660650001100668942004200679 00102ddc40708MISCELLANEOUSaMESbMEScARBd2019-02-20g30.00l0o892.78 FAR/Ip29340r2019-02-20 00:00:00t1w2019-02-20yBKzGR5R5 00102ddc40708MISCELLANEOUSaMESbMEScARBd2019-02-20g30.00l0o892.78 FAR/Ip29341r2019-02-20 00:00:00t2w2019-02-20yBKzGR5R5 00102ddc40708MISCELLANEOUSaMESbMEScARBd2019-02-20g30.00l0o892.78 FAR/Ip29342r2019-02-20 00:00:00t3w2019-02-20yBKzGR5R5 c600d600OSt20210906112126.0190216s9999||||xx |||||||||||||| ||und|| coclc a892.78bFAR/I aFarooqui, M Omar 98781 0aIlmul Aroodi Vafannul Qawafee /cM Omar Farooqui a1st Ed. bPrabhatham Book House, aCalicut:c2003. a96p aArabic cBK2ddch892.78iFAR/Ik892.78mFAR/I